000 00582nam a2200205Ii 4500
001 13070
003 CO-ViMGA
008 241108s9999||||xx |||||||||||||| ||und||
040 _aCO-ViMGA
_bspa
_erda
_cCO-ViMGA
041 0 _aspa
082 0 4 _a340.6 C41p
100 1 _aRoberto Ciafardo
_951764
245 1 0 _aPsicopatología forense
264 1 _aBuenos Aires, Argentina : El Ateneo, 1972
300 _avolumen
336 _atext
_btxt
_2rdacontent
337 _aunmediated
_bn
_2rdamedia
338 _avolume
_bnc
_2rdacarrier
940 _aidficha_siabuc: 12774. -- ficha_no_siabuc:13070
999 _c46519
_d46519